IIHF Champions - Statistics

General Stats
  • This quiz has been taken 151 times
  • The average score is 80 of 83
Answer Stats
Year Answer % Correct
1920 Canada
100%
1924 Canada
100%
1928 Canada
100%
1930 Canada
100%
1931 Canada
100%
1932 Canada
100%
1934 Canada
100%
1935 Canada
100%
1937 Canada
100%
1938 Canada
100%
1939 Canada
100%
1948 Canada
100%
1950 Canada
100%
1951 Canada
100%
1952 Canada
100%
1955 Canada
100%
1958 Canada
100%
1959 Canada
100%
1961 Canada
100%
1994 Canada
100%
1997 Canada
100%
2003 Canada
100%
2004 Canada
100%
2007 Canada
100%
2015 Canada
100%
2016 Canada
100%
1995 Finland
100%
2011 Finland
100%
1953 Sweden
99%
1957 Sweden
99%
1962 Sweden
99%
1987 Sweden
99%
1991 Sweden
99%
1992 Sweden
99%
1998 Sweden
99%
2006 Sweden
99%
2013 Sweden
99%
2017 Sweden
99%
2018 Sweden
99%
1996 Czech Republic
98%
1999 Czech Republic
98%
2000 Czech Republic
98%
2001 Czech Republic
98%
2005 Czech Republic
98%
2010 Czech Republic
98%
1993 Russia
96%
2008 Russia
96%
2009 Russia
96%
2012 Russia
96%
2014 Russia
96%
1933 USA
96%
1960 USA
96%
1954 Soviet Union
95%
1956 Soviet Union
95%
1963 Soviet Union
95%
1964 Soviet Union
95%
1965 Soviet Union
95%
1966 Soviet Union
95%
1967 Soviet Union
95%
1968 Soviet Union
95%
1969 Soviet Union
95%
1970 Soviet Union
95%
1971 Soviet Union
95%
1973 Soviet Union
95%
1974 Soviet Union
95%
1975 Soviet Union
95%
1978 Soviet Union
95%
1979 Soviet Union
95%
1980 Soviet Union
95%
1981 Soviet Union
95%
1982 Soviet Union
95%
1983 Soviet Union
95%
1986 Soviet Union
95%
1989 Soviet Union
95%
1990 Soviet Union
95%
1947 Czechoslovakia
91%
1949 Czechoslovakia
91%
1972 Czechoslovakia
91%
1976 Czechoslovakia
91%
1977 Czechoslovakia
91%
1984 Czechoslovakia
91%
2002 Slovakia
91%
1936 Great Britain
73%
No matching quizzes found
Score Distribution
Percent of People with Each Score
Percentile by Number Answered
Your Score History
You have not taken this quiz